000 00870nam a2200265 i 4500
003 EG-GICUC
005 20260416123651.0
008 260416s1964 hu ||| fr||| 000 0 eengdd
040 _a EG-GICUC
_beng
_c EG-GICUC
_d EG-GICUC
_erda
041 0 _aeng
082 0 4 _221
_a341.1
_bQU
092 0 4 _221
099 _aLaw1 11 341.1 QU 1964
245 1 0 _aQuestions Of International Law 1964 /
_bHungarian Branch Of The International Law Association
264 1 _aBudapest :
_bHungarian Branch Of The International Law Association,
_c1964.
300 _a204 pages,
_c22 سم.
336 _2rda content
_atext
337 _2rda media
_aComputer
338 _2rda carrier
_aOnline Resource
546 _aText in English
650 1 4 _2Public international law
856 4 0 _uhttps://fll.law.cu.edu.eg/fulltext/bks/B11-07442.pdf
905 _a48
942 _2ddc
_cBK
_e21
_n0
999 _c71412
_d71412